Séparation française et séparation allemande entre les cultes et l'État: quelques aspects

Saved in:  
Bibliographic Details
Main Author: Durand, Jean-Paul 1949- (Author)
Format: Print Article
Language:French
Check availability: HBZ Gateway
Interlibrary Loan:Interlibrary Loan for the Fachinformationsdienste (Specialized Information Services in Germany)
Published: 2003
In: Flexibilitas iuris canonici
Year: 2003, Pages: 705-715
Standardized Subjects / Keyword chains:B Deutschland (boat, 1866-1875) / State / Church / France
IxTheo Classification:KBB German language area
KBG France
SA Church law; state-church law
Further subjects:B Third way
B State law of churches
B Philosophy of law
B Religious freedom
B Körperschaftsrecht
B Deutschland (boat, 1866-1875)
B France
B Staat-Kirche-Verhältnis

MARC

LEADER 00000caa a22000002c 4500
001 1179481135
003 DE-627
005 20230508204256.0
007 tu
008 040202s2003 xx ||||| 00| ||fre c
020 |a 3631393156 
035 |a (DE-627)1179481135 
035 |a (DE-576)109481135 
035 |a (DE-599)BSZ109481135 
040 |a DE-627  |b ger  |c DE-627  |e rakwb 
041 |a fre 
084 |a 1  |2 ssgn 
100 1 |0 (DE-588)171221184  |0 (DE-627)061400033  |0 (DE-576)169585263  |4 aut  |a Durand, Jean-Paul  |d 1949- 
109 |a Durand, Jean-Paul 1949- 
245 1 0 |a Séparation française et séparation allemande entre les cultes et l'État  |b quelques aspects  |c Jean-Paul Durand 
264 1 |c 2003 
300 |a S. [705] - 715 
336 |a Text  |b txt  |2 rdacontent 
337 |a ohne Hilfsmittel zu benutzen  |b n  |2 rdamedia 
338 |a Band  |b nc  |2 rdacarrier 
650 0 7 |0 (DE-588)4056656-0  |0 (DE-627)106154141  |0 (DE-576)209118482  |a Staatskirchenrecht  |2 gnd 
650 0 7 |0 (DE-588)4125186-6  |0 (DE-627)105742090  |0 (DE-576)209574488  |a Religionsfreiheit  |2 gnd 
650 0 7 |0 (DE-588)4122121-7  |0 (DE-627)104559039  |0 (DE-576)209548894  |a Dritter Weg  |2 gnd 
650 0 7 |0 (DE-588)4048821-4  |0 (DE-627)104253312  |0 (DE-576)209079398  |a Rechtsphilosophie  |2 gnd 
650 4 |a Staat-Kirche-Verhältnis  |7 (dpeaa)DE-Tue135-3 
650 4 |a Körperschaftsrecht  |7 (dpeaa)DE-Tue135-3 
651 7 |0 (DE-588)4011882-4  |0 (DE-627)104704861  |0 (DE-576)208896155  |a Deutschland  |2 gnd 
651 7 |0 (DE-588)4018145-5  |0 (DE-627)106327232  |0 (DE-576)208922857  |a Frankreich  |2 gnd 
652 |a KBB:KBG:SA 
689 0 0 |d g  |0 (DE-588)4011882-4  |0 (DE-627)104704861  |0 (DE-576)208896155  |2 gnd  |a Deutschland 
689 0 1 |d s  |0 (DE-588)4056618-3  |0 (DE-627)106154303  |0 (DE-576)209118288  |2 gnd  |a Staat 
689 0 2 |d s  |0 (DE-588)4030702-5  |0 (DE-627)104731745  |0 (DE-576)208988742  |2 gnd  |a Kirche 
689 0 3 |d g  |0 (DE-588)4018145-5  |0 (DE-627)106327232  |0 (DE-576)208922857  |2 gnd  |a Frankreich 
689 0 |5 (DE-627) 
773 0 8 |i In  |t Flexibilitas iuris canonici  |d Frankfurt am Main [u.a.] : Lang, 2003  |g (2003), Seite 705-715  |h 935 S.  |w (DE-627)363596895  |w (DE-576)10703719X  |z 3631393156  |7 nnam 
773 1 8 |g year:2003  |g pages:705-715 
889 |w (DE-627)176340465X 
935 |a mteo  |a DAKR 
951 |a AR 
CAN |a 1 
ELC |b 1 
ITA |a 1 
LOK |0 000 xxxxxcx a22 zn 4500 
LOK |0 001 2436779384 
LOK |0 003 DE-627 
LOK |0 004 1179481135 
LOK |0 005 20100508160918 
LOK |0 008 040202||||||||||||||||ger||||||| 
LOK |0 040   |a DE-21-24  |c DE-627  |d DE-21-24 
LOK |0 689   |a s  |a Staat und Kirche (Frankreich: Deutschland: Vergleich) 
LOK |0 852   |a DE-21-24 
LOK |0 852 1  |c In: S,IIc,296  |m p  |9 00 
LOK |0 852 2  |b Ö III  |9 00 
LOK |0 866 0  |z nur: Ö III 
LOK |0 935   |a uwfe 
LOK |0 936ln  |a In: S,IIc, 
LOK |0 938   |k p 
LOK |0 939   |a 02-02-04  |b l01 
LOK |0 000 xxxxxcx a22 zn 4500 
LOK |0 001 291579393X 
LOK |0 003 DE-627 
LOK |0 004 1179481135 
LOK |0 005 20160405143807 
LOK |0 008 160404||||||||||||||||ger||||||| 
LOK |0 040   |a DE-Tue135  |c DE-627  |d DE-Tue135 
LOK |0 092   |o n 
LOK |0 852   |a DE-Tue135 
LOK |0 852 1  |9 00 
LOK |0 935   |a ixfe  |a ixmi 
LOK |0 936ln  |0 1442044721  |a KBB 
LOK |0 936ln  |0 1442053283  |a SA 
LOK |0 936ln  |0 1442044985  |a KBG 
LOK |0 939   |a 04-04-16  |b l01 
LOK |0 000 xxxxxcx a22 zn 4500 
LOK |0 001 3955643956 
LOK |0 003 DE-627 
LOK |0 004 1179481135 
LOK |0 005 20230508204256 
LOK |0 008 210719||||||||||||||||ger||||||| 
LOK |0 035   |a (DE-Tue135-3)DAKAR1_23809 
LOK |0 040   |a DE-Tue135-3  |c DE-627  |d DE-Tue135-3 
LOK |0 092   |o n 
LOK |0 852   |a DE-Tue135-3 
LOK |0 852 1  |c MS KR-P-27  |9 00 
LOK |0 935   |a msmi 
LOK |0 936ln  |0 1442053283  |a SA 
LOK |0 939   |a 19-07-21  |b l01 
ORI |a SA-MARC-ixtheoa001.raw 
REF |a Staat-Kirche-Verhältnis 
STA 0 0 |a Church,Church,Church,Church in literature,Deutschland (boat, 1866-1875),Germany,Germany,Germany,Germany,German Federal Republic (motif),Germany,Germany,Germany,Germany,Germany,Germany,Germany,German Democratic Republic,Germany,Federal Republic of Germany,Germany,Germany,Soviet Occupation Zone,French Occupation Zone,France,France,France,France,France,France,Southern France,Occitania,Northern France,Western France,Northeastern France,Eastern France,Philosophy of law,Legal philosophy,Religious freedom,Freedom of religion,Religious liberty,State law of churches,State,Country,State, The, in literature,State, The, in art,Third way 
STB 0 0 |a Deutschland (bateau, 1866-1875),Allemagne,Allemagne,République fédérale d'Allemagne (motif),Liberté religieuse,Législation religieuse,Philosophie du droit,Troisième voie,Église,Église,État,État 
STC 0 0 |a Alemania,Alemania,Estado,Estado,Filosofía del derecho,Iglesia,Iglesia,Legislación sobre la Iglesia nacional,Libertad de religión,Tercera vía 
STD 0 0 |a Chiesa,Chiesa,Diritto in materia di chiesa di stato,Filosofia del diritto,Germania,Germania,Libertà di religione,Stato,Stato,Terza via 
STE 0 0 |a 国家,国家教会法,宗教自由,信教自由,德国,德国,教会,教会,法哲学,第三条路线,新中间路线,第三种道路 
STF 0 0 |a 國家,國家教會法,宗教自由,信教自由,德國,德國,教會,教會,法哲學,第三條路綫,新中間路線,第三種道路 
STG 0 0 |a Alemanha,Alemanha,Estado,Estado,Filosofia do direito,Igreja,Igreja,Legislação sobre a Igreja nacional,Liberdade de religião,Terceira via 
STH 0 0 |a Германия (ГДР, мотив),Германия (мотив),Государство (мотив),Государство,Свобода вероисповедания,Третий путь,Философи права,Церковно-государственное право,Церковь (мотив),Церковь 
STI 0 0 |a Γερμανία (ΛΔΓ, μοτίβο),Γερμανία (μοτίβο),Δημόσιο εκκλησιαστικό δίκαιο,Εκκλησία (μοτίβο),Εκκλησία,Θρησκευτική ελευθερία,Κράτος (μοτίβο),Κράτος,Τρίτος Δρόμος,Φιλοσοφία του δικαίου 
SUB |a CAN 
SYE 0 0 |a Staat,Religionsverfassungsrecht , Religiöse Freiheit , Philosophie 
SYF 0 0 |a DDR,Deutsche Demokratische Republik,Germany,Amerikanische Zone Deutschlands,BRD,Britische Zone Deutschlands,Bundesrepublik Deutschland,Französische Zone Deutschlands,Vereinigtes Wirtschaftsgebiet Deutschlands,BRD,Bundesrepublik Deutschland , Vereinigtes Wirtschaftsgebiet,Bizone,Verwaltung des Vereinigten Wirtschaftsgebietes,Französische Zone,Zone Française d'Occupation,Französische Besatzungszone,ZFO,Britische Zone,British occupation zone,Britische Besatzungszone,British Zone of Control,Britisches Kontrollgebiet,British Element,Britisches Element,Sowjetische Zone,Russische Zone,Sowjetische Besatzungszone,Russische Besatzungszone,Sowjetische Besatzungszone Deutschlands,Sowjetische Besatzungszone in Deutschland,Sowjetisch Besetzte Zone,Sowjetzone,Ostzone,SBZ,Länder,Westliche Bundesländer,Alte Bundesländer,Deutschland,Westdeutschland,Deutschland,Westzonen,Westliche Besatzungszonen,Trizone,Amerikanische Zone,American occupation zone,Amerikanische Besatzungszone,ABZ,United States Area of Control,Amerikanisches Kontrollgebiet,U.S. zone of occupation,United States Zone,U.S. Zone,US-Zone,Alemanha,Alemania,Allemagne,Almanija,Almāniyā,Bondsrepubliek Duitsland,BRD,BRD,Bundesrepublik Deutschland,Deutschland,Deutschland,Federal Republic of Germany,Förbundsrepubliken Tyskland,Förbundsrepublikken Tyskland,FRG,Germany,Németországi Szövetségi Kőztársaság,Niemiecka Republika Federalna Niemiecka Republika Federalna,NRF,Repubblica Federale di Germania,Republic of Germany,República Federal da Alemanha,República Federal de Alemania,Republik Federasi Djerman,Republika Federalna Niemiec,République Fédérale d'Allemagne,RFN,Saksan Liittotasavalta,Westdeutschland,Deutsche Demokratische Republik,DDR,Deutschland,German Democratic Republic,GDR,République Démocratique Allemande,RDA,Germanskaja Demokratičeskaja Respublika,Demokratičeskaja Respublika,Democratic Republic,Demokratische Republik,Niemiecka Republika Demokratyczna,NRD,Ǧumhūrīyat Almāniyā ad-Dīmuqrāṭīya,República Democrática Alemana,Saksan Demokraattisen Tasavallan,Repubblica Democratica Tedesca,Mitteldeutschland,Ostdeutschland,East Germany,Ostzone,Deutsche Länder,Germany,Heiliges Römisches Reich,Rheinbund,Deutscher Bund,Norddeutscher Bund,Deutsches Reich,Deutschland,Deutschland,BRD,Federal Republic of Germany,Republic of Germany,Allemagne,Ǧumhūrīyat Almāniyā al-Ittiḥādīya,Bundesrepublik Deutschland,BRD,Niemcy,République Fédérale d'Allemagne,Repubblica Federale di Germania,Germanija,Federativnaja Respublika Germanija,FRG,Deyizhi-Lianbang-Gongheguo,Östliche Bundesländer,Neue Bundesländer,Länder,Deutschland,Ostdeutschland,Deutschland,Deutschland , France , France,La France,République Française,France,Francija,Französische Republik,Empire Français,République Française,France,Royaume Français,Fränkische Republik,Frankreich,Frankreich,Ṣārfat,Repubblica Francese 
SYG 0 0 |a DDR,Deutsche Demokratische Republik,Germany,Amerikanische Zone Deutschlands,BRD,Britische Zone Deutschlands,Bundesrepublik Deutschland,Französische Zone Deutschlands,Vereinigtes Wirtschaftsgebiet Deutschlands,BRD,Bundesrepublik Deutschland , Vereinigtes Wirtschaftsgebiet,Bizone,Verwaltung des Vereinigten Wirtschaftsgebietes,Französische Zone,Zone Française d'Occupation,Französische Besatzungszone,ZFO,Britische Zone,British occupation zone,Britische Besatzungszone,British Zone of Control,Britisches Kontrollgebiet,British Element,Britisches Element,Sowjetische Zone,Russische Zone,Sowjetische Besatzungszone,Russische Besatzungszone,Sowjetische Besatzungszone Deutschlands,Sowjetische Besatzungszone in Deutschland,Sowjetisch Besetzte Zone,Sowjetzone,Ostzone,SBZ,Länder,Westliche Bundesländer,Alte Bundesländer,Deutschland,Westdeutschland,Deutschland,Westzonen,Westliche Besatzungszonen,Trizone,Amerikanische Zone,American occupation zone,Amerikanische Besatzungszone,ABZ,United States Area of Control,Amerikanisches Kontrollgebiet,U.S. zone of occupation,United States Zone,U.S. Zone,US-Zone,Alemanha,Alemania,Allemagne,Almanija,Almāniyā,Bondsrepubliek Duitsland,BRD,BRD,Bundesrepublik Deutschland,Deutschland,Deutschland,Federal Republic of Germany,Förbundsrepubliken Tyskland,Förbundsrepublikken Tyskland,FRG,Germany,Németországi Szövetségi Kőztársaság,Niemiecka Republika Federalna Niemiecka Republika Federalna,NRF,Repubblica Federale di Germania,Republic of Germany,República Federal da Alemanha,República Federal de Alemania,Republik Federasi Djerman,Republika Federalna Niemiec,République Fédérale d'Allemagne,RFN,Saksan Liittotasavalta,Westdeutschland,Deutsche Demokratische Republik,DDR,Deutschland,German Democratic Republic,GDR,République Démocratique Allemande,RDA,Germanskaja Demokratičeskaja Respublika,Demokratičeskaja Respublika,Democratic Republic,Demokratische Republik,Niemiecka Republika Demokratyczna,NRD,Ǧumhūrīyat Almāniyā ad-Dīmuqrāṭīya,República Democrática Alemana,Saksan Demokraattisen Tasavallan,Repubblica Democratica Tedesca,Mitteldeutschland,Ostdeutschland,East Germany,Ostzone,Deutsche Länder,Germany,Heiliges Römisches Reich,Rheinbund,Deutscher Bund,Norddeutscher Bund,Deutsches Reich,Deutschland,Deutschland,BRD,Federal Republic of Germany,Republic of Germany,Allemagne,Ǧumhūrīyat Almāniyā al-Ittiḥādīya,Bundesrepublik Deutschland,BRD,Niemcy,République Fédérale d'Allemagne,Repubblica Federale di Germania,Germanija,Federativnaja Respublika Germanija,FRG,Deyizhi-Lianbang-Gongheguo,Östliche Bundesländer,Neue Bundesländer,Länder,Deutschland,Ostdeutschland,Deutschland,Deutschland , Land,Staatswesen,Staaten , Church,Christliche Kirche,Christliche Kirche,Ekklesia , Rosenberg-Kirche,Notre-Dame-de-l'Assomption,Ste-Trinité,Sainte-Trinité , France , France,La France,République Française,France,Francija,Französische Republik,Empire Français,République Française,France,Royaume Français,Fränkische Republik,Frankreich,Frankreich,Ṣārfat,Repubblica Francese 
TIM |a 100019901003_100020261231  |b 1990-10-03 - 2026